000 00878nam a22002297a 4500
999 _c17369
_d17369
003 AR-CdUCM
008 190508b ||||| |||| 00| 0 spa d
040 _aMUNICIPALIDAD PROVINCIAL DEL CUSCO
_cBIBLIOTECA MUNICIPAL DEL CUSCO
041 _heng
082 _a320.973 /
_bM12
100 _aMcCarthy, Eugene J.
_937345
245 _aRéplica a los conservadores /
260 _aBuenos Aires :
_bMarymar,
_c1966.
300 _a187 páginas ;
_c20 cm.
505 _aContenido: La balanza de la justicia económica -- Las responsabilidades del gobierno responsable -- Liberales contra conservadores casos concretos -- Participando en el mundo moderno.
650 _aPartidos políticos
_91565
650 _aPolítica y gobierno
_92693
650 _aEstados Unidos
_91805
700 _aKupfer, Hildegard (traducción)
_937346
942 _2ddc
_cLIBROS
945 _arcc
_d2019-05-08